000 00683nam a2200193Ii 4500
003 JO-AjNU
008 230605s9999||||xx |||||||||||||| ||und||
040 _aJO-AjNU
_bara
_erda
_cJO-AjNU
041 _aara
050 1 4 _aBP165.7.S4
100 3 _aبن محمد، ابي اسحاق ابراهيم بن موسى ، تعريف وتدقيق محمد رشيد رضا,
_eauthor
_937814
245 0 0 _aالإعتصام، ج1
264 3 1 _aمصر: المكتبة التجارية الكبرى، د.ت
300 _aج1، 371ص
336 _atext
_btxt
_2rdacontent
337 _aunmediated
_bn
_2rdamedia
338 _avolume
_bnc
_2rdacarrier
650 4 _aالبدع الدينية
_937815
999 _aA15835
_c19403
_d19403